[Event "23rd European Teams"]
[Site "Terme Catez SLO"]
[Date "2021.11.21"]
[Round "9.4"]
[Board "3"]
[White "Paichadze, Luka"]
[Black "Piorun, Kacper"]
[Result "1/2-1/2"]
[WhiteTitle "GM"]
[BlackTitle "GM"]
[WhiteElo "2551"]
[BlackElo "2634"]
[WhiteTeam "Georgia"]
[BlackTeam "Poland"]
[WhiteFideId "13602934"]
[BlackFideId "1130420"]
[EventDate "2021.11.12"]

1. e4 e6 2. d4 d5 3. e5 c5 4. c3 Nc6 5. Nf3 Qb6 6. a3 c4 7. Nbd2 Na5 8. Be2 Bd7
9. O-O Ne7 10. Rb1 Qc7 11. Re1 Nc8 12. Nf1 h6 13. Ng3 Nb6 14. Qd2 Ba4 15. Bd1
Bxd1 16. Qxd1 O-O-O 17. h4 Be7 18. h5 Qd7 19. Nh2 Nc6 20. Qg4 Rhg8 21. Qh3 Kb8
22. f4 f5 23. exf6 gxf6 24. f5 e5 25. Ng4 exd4 26. Bf4+ Ka8 27. Nxh6 Rgf8 28.
cxd4 Nxd4 29. Rbd1 Nb3 30. Qg4 Na4 31. Qe2 Bc5+ 32. Kh2 Bd4 33. Ng4 Bxb2 34. Qc2
Nd4 35. Qb1 Nb5 36. Qc2 Nxa3 37. Qf2 c3 38. Re6 c2 39. Rde1 Nc3 40. Nxf6 Rxf6
41. Rxf6 Nd1 42. Qf3 Bxf6 43. Qxa3 Qg7 44. Qf3 Bg5 45. Re2 Rc8 46. f6 Qxf6 47.
Bxg5 Qxg5 48. Rxc2 Qh4+ 49. Kg1 Qd4+ 50. Kh1 Qh4+ 51. Kg1 Qd4+ 52. Kh1 Qh4+ 1/2-1/2

[Event "23rd European Teams"]
[Site "Terme Catez SLO"]
[Date "2021.11.21"]
[Round "9.4"]
[Board "4"]
[White "Moranda, Wojciech"]
[Black "Quparadze, Giga"]
[Result "1-0"]
[WhiteTitle "GM"]
[BlackTitle "GM"]
[WhiteElo "2623"]
[BlackElo "2475"]
[WhiteTeam "Poland"]
[BlackTeam "Georgia"]
[WhiteFideId "1122401"]
[BlackFideId "13602250"]
[EventDate "2021.11.12"]

1. d4 Nf6 2. c4 e6 3. Nc3 Bb4 4. e3 O-O 5. Ne2 Re8 6. a3 Bf8 7. Ng3 d5 8. Be2 b6
9. O-O Bb7 10. cxd5 exd5 11. b4 c6 12. Rb1 Nbd7 13. f3 Bd6 14. Nf5 Bc7 15. g4
Kh8 16. Bd3 Nf8 17. Rb2 Ne6 18. f4 Rb8 19. g5 Ng8 20. Rg2 c5 21. Nb5 Ba6 22. Qa4
Bc8 23. Nxc7 Nxc7 24. dxc5 bxc5 25. bxc5 Bxf5 26. Bxf5 Qe7 27. Qxa7 Ra8 28. Qb6
Ra6 29. Qb1 Qxc5 30. Bxh7 d4 31. exd4 Qxd4+ 32. Kh1 Rd6 33. Bb2 Qd5 34. Be5 Ra6
35. Be4 Qd7 36. Qe1 Rxe5 37. fxe5 g6 38. Qh4+ Kg7 39. Rgf2 1-0

[Event "23rd European Teams"]
[Site "Terme Catez SLO"]
[Date "2021.11.21"]
[Round "9.5"]
[Board "1"]
[White "Grischuk, Alexander"]
[Black "Adams, Michael"]
[Result "1/2-1/2"]
[WhiteTitle "GM"]
[BlackTitle "GM"]
[WhiteElo "2773"]
[BlackElo "2714"]
[WhiteTeam "Russia"]
[BlackTeam "England"]
[WhiteFideId "4126025"]
[BlackFideId "400041"]
[EventDate "2021.11.12"]

1. d4 Nf6 2. c4 e6 3. Nf3 d5 4. Nc3 Be7 5. Bf4 O-O 6. a3 b6 7. Qc2 c5 8. Rd1 Bb7
9. cxd5 exd5 10. e3 c4 11. Ne5 a6 12. g4 b5 13. Bg2 Nc6 14. O-O Na5 15. h4 Ne8
16. e4 Nc7 17. h5 f6 18. Nf3 dxe4 19. Nh4 Nd5 20. Nxd5 Bxd5 21. Bxe4 Bxe4 22.
Qxe4 Qd7 23. Qf5 Rfd8 24. Rfe1 Bf8 25. d5 Qxf5 26. Nxf5 Rd7 27. Re6 Nb7 28. Be3
Kf7 29. Rc6 Nd6 30. Bf4 Ne8 31. Kg2 g6 32. Ng3 Bd6 33. Kf3 Bxf4 34. Kxf4 Nd6 35.
Re1 Ne8 36. Rd1 Nd6 37. Re1 Ne8 1/2-1/2

[Event "23rd European Teams"]
[Site "Terme Catez SLO"]
[Date "2021.11.21"]
[Round "9.5"]
[Board "2"]
[White "McShane, Luke J"]
[Black "Dubov, Daniil"]
[Result "1/2-1/2"]
[WhiteTitle "GM"]
[BlackTitle "GM"]
[WhiteElo "2667"]
[BlackElo "2714"]
[WhiteTeam "England"]
[BlackTeam "Russia"]
[WhiteFideId "404853"]
[BlackFideId "24126055"]
[EventDate "2021.11.12"]

1. e4 e5 2. Nf3 Nc6 3. Bb5 a6 4. Bxc6 dxc6 5. O-O Qf6 6. d4 exd4 7. Bg5 Qd6 8.
Nxd4 Be7 9. Be3 Nh6 10. h3 Qg6 11. Qf3 Bd7 12. Nc3 O-O-O 13. Rfe1 Rhe8 14. Bxh6
gxh6 15. Re2 Bc5 16. Nf5 Re5 17. Rd1 Rg8 18. Rxd7 Kxd7 19. Nb1 Kc8 20. Nd2 Rge8
21. Nb3 Bf8 22. Nc1 Qe6 23. Ng3 Ra5 24. a3 Bg7 25. Nd3 Be5 26. Nh5 Qg6 27. b4
Rxa3 28. Nxe5 Ra1+ 29. Kh2 Rxe5 30. Qc3 Qd6 31. f4 Rxh5 32. Qh8+ Kd7 33. Qxa1
Qxf4+ 34. g3 Qe5 35. Rd2+ Kc8 36. Qd1 Kb8 37. Rd8+ Ka7 38. Rd7 Rh4 39. Qg1+ b6
40. Qd4 Qxd4 41. Rxd4 Rh5 42. Rd7 Kb7 43. Rxf7 a5 44. g4 Rb5 45. Rxh7 axb4 46.
Rxh6 Rc5 47. Rf6 Rxc2+ 48. Kg3 b3 49. Rf1 b2 50. Rb1 c5 51. g5 c4 52. g6 c3 53.
g7 Rd2 54. g8=Q c2 55. Rxb2 Rd3+ 56. Kg2 c1=Q 57. Ra2 Rd2+ 58. Rxd2 Qxd2+ 59.
Kf3 Qd3+ 60. Kf4 Qxh3 61. e5 Qh2+ 62. Ke4 Qe2+ 63. Kf4 Qd2+ 64. Kf5 Qf2+ 65. Ke4
Qe2+ 66. Kf4 b5 67. Qd5+ Kc8 68. Qa8+ Kd7 69. Qd5+ Kc8 70. Qa8+ Kd7 71. Qd5+ 1/2-1/2

[Event "23rd European Teams"]
[Site "Terme Catez SLO"]
[Date "2021.11.21"]
[Round "9.5"]
[Board "3"]
[White "Artemiev, Vladislav"]
[Black "Howell, David W L"]
[Result "1/2-1/2"]
[WhiteTitle "GM"]
[BlackTitle "GM"]
[WhiteElo "2699"]
[BlackElo "2648"]
[WhiteTeam "Russia"]
[BlackTeam "England"]
[WhiteFideId "24101605"]
[BlackFideId "410608"]
[EventDate "2021.11.12"]

1. e4 e5 2. Nf3 Nc6 3. Bb5 Nf6 4. O-O Nxe4 5. Re1 Nd6 6. Nxe5 Be7 7. Bf1 Nxe5 8.
Rxe5 O-O 9. Nc3 Ne8 10. Nd5 Bd6 11. Re2 c6 12. Ne3 Be7 13. c4 Nc7 14. d4 d5 15.
cxd5 Nxd5 16. Nxd5 cxd5 17. Qb3 a5 18. Bf4 a4 19. Qe3 Bf6 20. Rc1 Bf5 21. Rc7 b5
22. Re1 b4 23. Rb7 a3 24. Rxb4 axb2 25. Rxb2 Qa5 26. Bd6 Bxd4 27. Qxd4 Qxe1 28.
Bxf8 Rxf8 29. Qxd5 Be6 30. Qb5 Qa1 31. a4 Bd7 32. Rb1 Qa2 33. Bc4 Bxb5 34. Bxa2
Bxa4 35. Rb7 g5 36. Rc7 h6 37. f3 Bb5 38. Kf2 Bd3 39. Bb3 Bg6 40. Bc2 Kg7 41. g4 1/2-1/2

[Event "23rd European Teams"]
[Site "Terme Catez SLO"]
[Date "2021.11.21"]
[Round "9.5"]
[Board "4"]
[White "Haria, Ravi"]
[Black "Esipenko, Andrey"]
[Result "0-1"]
[WhiteTitle "IM"]
[BlackTitle "GM"]
[WhiteElo "2497"]
[BlackElo "2713"]
[WhiteTeam "England"]
[BlackTeam "Russia"]
[WhiteFideId "415820"]
[BlackFideId "24175439"]
[EventDate "2021.11.12"]

1. e4 c6 2. Nf3 d5 3. Nc3 Bg4 4. h3 Bxf3 5. Qxf3 e6 6. g3 Bc5 7. Bg2 Nf6 8. O-O
O-O 9. Rd1 Bd4 10. exd5 cxd5 11. Ne2 Nc6 12. Nxd4 Nxd4 13. Qd3 e5 14. c3 Nc6 15.
Qb5 Qd7 16. d3 h6 17. Be3 Rfe8 18. a4 a6 19. Qb3 Re6 20. a5 d4 21. cxd4 exd4 22.
Bd2 Re2 23. Bf3 Rae8 24. Kg2 R2e5 25. Re1 Rb5 26. Rxe8+ Qxe8 27. Qc2 Ne5 28. Be2
Qe6 29. Rc1 Qd5+ 30. f3 Nc6 31. Kf2 Qd7 32. Bf1 Nd5 0-1

[Event "23rd European Teams"]
[Site "Terme Catez SLO"]
[Date "2021.11.21"]
[Round "9.6"]
[Board "1"]
[White "Indjic, Aleksandar"]
[Black "Mastrovasilis, Dimitrios"]
[Result "1-0"]
[WhiteTitle "GM"]
[BlackTitle "GM"]
[WhiteElo "2612"]
[BlackElo "2619"]
[WhiteTeam "Serbia"]
[BlackTeam "Greece"]
[WhiteFideId "911925"]
[BlackFideId "4202694"]
[EventDate "2021.11.12"]

1. c4 e6 2. g3 d5 3. Bg2 Nf6 4. Nf3 Be7 5. O-O O-O 6. b3 b6 7. Bb2 Bb7 8. cxd5
exd5 9. d4 Nbd7 10. Nc3 Ne4 11. Rc1 Nxc3 12. Bxc3 a5 13. Qc2 Re8 14. Rfd1 c6 15.
Bb2 Bd6 16. e4 dxe4 17. Ne5 Nf6 18. Nxc6 Bxc6 19. Qxc6 Rc8 20. Qb5 e3 21. fxe3
Rxe3 22. Qf5 Rxc1 23. Rxc1 Re8 24. Bc6 Re7 25. Bb5 Rc7 26. Bc4 Qe8 27. Rf1 h6
28. Bc1 Qe4 29. Bxh6 Qxd4+ 30. Kg2 Qe4+ 31. Qxe4 Nxe4 32. Be3 b5 33. Bxb5 Rc2+
34. Kh3 Rxa2 35. Bc4 Nf6 36. Bf4 Be7 37. g4 Nh7 38. Kg3 a4 39. h4 axb3 40. Bxb3
Ra3 41. Rf3 Nf6 42. Kh3 Ra1 43. Bg3 Ra3 44. g5 Ne4 45. Bxf7+ Kh7 46. Rxa3 Bxa3
47. Be5 Bd6 48. Ba1 g6 49. Kg4 Ng3 50. Bd4 Nh5 51. Bc4 Bc7 52. Bf2 Bd6 53. Kf3
Bc7 54. Be6 Bd6 55. Bg4 Ng7 56. Ke4 Bc7 57. Kd5 Kg8 58. Kc6 Be5 59. Kd7 Kf7 60.
Be1 Bd4 61. Be2 Nh5 62. Bc4+ Kg7 63. Ke8 Be5 64. Bb4 Bg3 65. Bc3+ Kh7 66. Kf8
Bd6+ 67. Kf7 Nf4 68. Bb3 Nd3 69. h5 Ne5+ 70. Ke6 Nf3 71. Kxd6 Nxg5 72. Bc2 Kh6
73. hxg6 1-0

[Event "23rd European Teams"]
[Site "Terme Catez SLO"]
[Date "2021.11.21"]
[Round "9.6"]
[Board "2"]
[White "Banikas, Hristos"]
[Black "Ivic, Velimir"]
[Result "1/2-1/2"]
[WhiteTitle "GM"]
[BlackTitle "GM"]
[WhiteElo "2592"]
[BlackElo "2620"]
[WhiteTeam "Greece"]
[BlackTeam "Serbia"]
[WhiteFideId "4202031"]
[BlackFideId "950122"]
[EventDate "2021.11.12"]

1. d4 d5 2. c4 e6 3. Nf3 Nf6 4. g3 Bb4+ 5. Bd2 a5 6. Bg2 O-O 7. Qc2 c5 8. cxd5
cxd4 9. Nxd4 Qb6 10. e3 exd5 11. O-O Nc6 12. Nxc6 bxc6 13. Rc1 Rb8 14. Nc3 h5
15. Na4 Qd8 16. a3 Bxd2 17. Qxd2 h4 18. Qd4 h3 19. Bf3 Bd7 20. Nc5 Bf5 21. b4
axb4 22. axb4 Qb6 23. Qf4 Bg6 24. Qh4 Qxb4 25. Qxh3 Ra8 26. Nd7 Qb2 27. Nxf6+
Qxf6 28. Rxa8 Rxa8 29. Kg2 Bd3 30. Qd7 Ra1 31. Qc8+ Kh7 32. Qh3+ Kg8 33. Qc8+ 1/2-1/2

[Event "23rd European Teams"]
[Site "Terme Catez SLO"]
[Date "2021.11.21"]
[Round "9.6"]
[Board "3"]
[White "Ivanisevic, Ivan"]
[Black "Kourkoulos-Arditis, Stamatis"]
[Result "0-1"]
[WhiteTitle "GM"]
[BlackTitle "IM"]
[WhiteElo "2604"]
[BlackElo "2524"]
[WhiteTeam "Serbia"]
[BlackTeam "Greece"]
[WhiteFideId "912417"]
[BlackFideId "4221990"]
[EventDate "2021.11.12"]

1. d4 Nf6 2. c4 g6 3. Nc3 Bg7 4. e4 d6 5. Nf3 O-O 6. Be2 e5 7. O-O exd4 8. Nxd4
Re8 9. f3 c6 10. Kh1 Nbd7 11. Be3 d5 12. cxd5 Nxd5 13. Nxd5 cxd5 14. Nb5 Nf8 15.
Rc1 Bxb2 16. Nc7 Bxc1 17. Qxc1 Bd7 18. Nxa8 Qxa8 19. exd5 Qd8 20. Bc4 Ba4 21.
Bh6 Qf6 22. h3 Rc8 23. Qa3 Qh4 24. Qxa4 Qxh6 25. f4 Qg7 26. Bb3 a6 27. Qb4 Qf6
28. Qxb7 Rd8 29. Qc7 Rd6 30. Qc1 Kg7 31. Qe3 Nd7 32. Rc1 Nb6 33. Rc5 h5 34. g3
Nd7 35. Rc7 Qf5 36. Kg2 Nf6 37. Qe5 Qd3 38. g4 hxg4 39. hxg4 Qd2+ 40. Kg1 Qa5
41. Re7 Qc5+ 42. Kg2 Qb4 43. g5 Qd2+ 44. Kg3 Qd3+ 45. Kh4 Qf3 46. gxf6+ Rxf6 47.
f5 Qf2+ 48. Kg5 Qg2+ 49. Kf4 Kh6 50. Ke3 Rxf5 51. Qh8+ Kg5 52. Kd3 Rf3+ 53. Kc4
Qf1+ 54. Kc5 Qb5+ 55. Kd6 Rf6+ 56. Qxf6+ Kxf6 57. Rc7 g5 58. Rc6 Qb7 59. Kc5+
Ke5 60. Bc4 Qa7+ 61. Rb6 Qc7+ 0-1

[Event "23rd European Teams"]
[Site "Terme Catez SLO"]
[Date "2021.11.21"]
[Round "9.6"]
[Board "4"]
[White "Kelires, Andreas"]
[Black "Markus, Robert"]
[Result "0-1"]
[WhiteTitle "GM"]
[BlackTitle "GM"]
[WhiteElo "2535"]
[BlackElo "2609"]
[WhiteTeam "Greece"]
[BlackTeam "Serbia"]
[WhiteFideId "5900727"]
[BlackFideId "921637"]
[EventDate "2021.11.12"]

1. d4 Nf6 2. c4 d6 3. Nc3 e5 4. Nf3 Nbd7 5. e4 g6 6. Be2 Bg7 7. O-O O-O 8. Be3
c6 9. Qc2 exd4 10. Nxd4 a5 11. Rad1 Qe7 12. f3 Nc5 13. Qd2 Ne8 14. Rfe1 a4 15.
Bf1 Qc7 16. Kh1 Qa5 17. Bf2 Nc7 18. Nc2 Rd8 19. e5 Bf5 20. exd6 N7e6 21. Na3 g5
22. Bg3 Rd7 23. Qe3 Rad8 24. Rd2 Bg6 25. Red1 f5 26. Be5 f4 27. Qe2 Re8 28. Bxg7
Nxg7 29. Qf2 Nf5 30. Re1 Ne3 31. Nc2 Bxc2 32. Rxc2 Rxd6 33. a3 Qd8 34. Rcc1 Rd2
35. Re2 Nd3 36. Rxd2 Nxf2+ 37. Rxf2 Re7 38. Ne4 Rd7 39. Be2 Rd2 40. c5 Rxb2 41.
g3 Qd4 42. gxf4 gxf4 43. Rg1+ Kf8 44. Ng5 Ke7 45. Ne4 Ra2 46. Nd6 Qxc5 0-1

[Event "23rd European Teams"]
[Site "Terme Catez SLO"]
[Date "2021.11.21"]
[Round "9.7"]
[Board "1"]
[White "Yilmaz, Mustafa"]
[Black "Nisipeanu, Liviu-Dieter"]
[Result "1/2-1/2"]
[WhiteTitle "GM"]
[BlackTitle "GM"]
[WhiteElo "2626"]
[BlackElo "2651"]
[WhiteTeam "Turkey"]
[BlackTeam "Germany"]
[WhiteFideId "6302718"]
[BlackFideId "1202758"]
[EventDate "2021.11.12"]

1. d4 Nf6 2. c4 e6 3. Nf3 d5 4. Nc3 c5 5. cxd5 cxd4 6. Qxd4 exd5 7. e4 dxe4 8.
Qxd8+ Kxd8 9. Ng5 Be6 10. Nxe6+ fxe6 11. Bg5 h6 12. O-O-O+ Ke7 13. Bxf6+ gxf6
14. Nxe4 Bg7 15. Bb5 a6 16. Ba4 f5 17. Ng3 Rc8+ 18. Kb1 Nc6 19. Rhe1 Nd4 20.
Rxd4 Bxd4 21. Nxf5+ Kf7 22. Bb3 Be5 23. Nxh6+ Kg7 24. Rxe5 Kxh6 25. Rxe6+ Kg5
26. Re5+ Kf6 27. Re6+ Kg5 28. Bd5 Re8 29. Rxe8 Rxe8 30. Bxb7 Re1+ 31. Kc2 Re2+
32. Kc3 Rxf2 33. a4 a5 34. b4 axb4+ 35. Kb3 Rf1 36. a5 Rb1+ 37. Kc4 Rc1+ 38. Kb3
Rb1+ 39. Ka2 Rc1 40. Kb3 1/2-1/2

[Event "23rd European Teams"]
[Site "Terme Catez SLO"]
[Date "2021.11.21"]
[Round "9.7"]
[Board "2"]
[White "Keymer, Vincent"]
[Black "Can, Emre"]
[Result "1/2-1/2"]
[WhiteTitle "GM"]
[BlackTitle "GM"]
[WhiteElo "2639"]
[BlackElo "2570"]
[WhiteTeam "Germany"]
[BlackTeam "Turkey"]
[WhiteFideId "12940690"]
[BlackFideId "6302181"]
[EventDate "2021.11.12"]

1. d4 d5 2. Nf3 e6 3. e3 Nf6 4. Nbd2 b6 5. b3 Bd6 6. Bb2 O-O 7. Bd3 Bb7 8. O-O
c5 9. dxc5 Bxc5 10. a3 Nbd7 11. c4 Be7 12. Qe2 Nc5 13. Bc2 dxc4 14. Nxc4 Be4 15.
Nce5 Qc7 16. b4 Bxc2 17. Qxc2 Na6 18. Rac1 Qxc2 19. Rxc2 Bd6 20. Rd1 Rad8 21.
Rcd2 Bxe5 22. Bxe5 Rxd2 23. Rxd2 Rc8 24. h3 Kf8 25. g4 h6 26. Rd1 Nb8 27. Nd4 a6
28. b5 axb5 29. Nxb5 Nbd7 30. Bd6+ Kg8 31. Rd4 Nc5 32. f3 Nb3 33. Rd3 Nc5 34.
Rd1 Ra8 35. e4 Nfd7 36. Kf1 g5 37. Ke2 Kg7 38. Bg3 Ra5 39. Rb1 Kg6 40. Be1 Ra8
41. Rd1 Kf6 42. Bc3+ Ke7 43. h4 f6 44. h5 Ne5 45. Rd6 Rxa3 46. Rxe6+ Nxe6 47.
Nxa3 Kd6 48. Bb4+ Kd7 49. Ke3 Nc7 50. Nc2 Ne6 51. Na3 Nc7 52. Nb1 Nb5 53. Nd2
Ke8 54. Nb3 1/2-1/2

[Event "23rd European Teams"]
[Site "Terme Catez SLO"]
[Date "2021.11.21"]
[Round "9.7"]
[Board "3"]
[White "Sanal, Vahap"]
[Black "Bluebaum, Matthias"]
[Result "0-1"]
[WhiteTitle "GM"]
[BlackTitle "GM"]
[WhiteElo "2590"]
[BlackElo "2647"]
[WhiteTeam "Turkey"]
[BlackTeam "Germany"]
[WhiteFideId "6300545"]
[BlackFideId "24651516"]
[EventDate "2021.11.12"]

1. Nf3 d5 2. b3 Bf5 3. Bb2 Nf6 4. d3 c5 5. Nbd2 Nc6 6. g3 Qc7 7. Bg2 e5 8. O-O
Be7 9. e4 dxe4 10. dxe4 Be6 11. Ng5 Bg4 12. f3 Bd7 13. Nc4 b5 14. Ne3 c4 15. Kh1
h6 16. Nh3 Rd8 17. Qe1 Be6 18. f4 Bb4 19. c3 Bc5 20. a4 bxa4 21. f5 Bd7 22. b4
Bxe3 23. Qxe3 Ne7 24. Nf2 Qb6 25. Qe2 O-O 26. Bc1 a5 27. bxa5 Qxa5 28. g4 Nh7
29. h4 Qxc3 30. Ra3 Qb4 31. g5 c3 32. Rg1 Nxf5 33. exf5 Qxh4+ 34. Nh3 Bxf5 35.
Rxc3 Nxg5 36. Qxe5 Nxh3 37. Bxh3 Be4+ 38. Kh2 Qf2+ 39. Bg2 Rd5 40. Qxe4 Rh5+ 41.
Rh3 Rxh3+ 42. Kxh3 Qxg1 43. Bb2 Qb6 44. Qe5 Qe6+ 0-1

[Event "23rd European Teams"]
[Site "Terme Catez SLO"]
[Date "2021.11.21"]
[Round "9.7"]
[Board "4"]
[White "Svane, Rasmus"]
[Black "Gokerkan, Cem Kaan"]
[Result "1-0"]
[WhiteTitle "GM"]
[BlackTitle "IM"]
[WhiteElo "2628"]
[BlackElo "2444"]
[WhiteTeam "Germany"]
[BlackTeam "Turkey"]
[WhiteFideId "4657101"]
[BlackFideId "6336760"]
[EventDate "2021.11.12"]

1. d4 Nf6 2. Nf3 d5 3. c4 e6 4. g3 Be7 5. Bg2 O-O 6. O-O dxc4 7. Qc2 a6 8. a4
Bd7 9. Qxc4 Bc6 10. Bg5 Nbd7 11. Nc3 h6 12. Bxf6 Nxf6 13. Rfd1 Bd5 14. Qd3 Bxf3
15. Bxf3 c6 16. e3 a5 17. h4 Qb6 18. Qe2 Rfd8 19. Rac1 Rd7 20. Rd2 Rad8 21. Rcd1
Bb4 22. Kg2 g6 23. Rd3 Kg7 24. Qc2 Qc7 25. Na2 e5 26. dxe5 Qxe5 27. Rxd7 Rxd7
28. Rxd7 Nxd7 29. Nxb4 axb4 30. Qd2 Nc5 31. Qxb4 Nd3 32. Qd2 Nxb2 33. Qc2 g5 34.
h5 b5 35. a5 Nc4 36. Qa2 Qc3 37. a6 b4 38. a7 b3 39. Qa6 b2 40. Be4 Nxe3+ 41.
fxe3 Qd2+ 42. Kf3 g4+ 43. Kxg4 f5+ 44. Kh3 b1=Q 45. Bxb1 Qc1 46. Qa1+ 1-0

[Event "23rd European Teams"]
[Site "Terme Catez SLO"]
[Date "2021.11.21"]
[Round "9.8"]
[Board "1"]
[White "Nabaty, Tamir"]
[Black "Erdos, Viktor"]
[Result "1/2-1/2"]
[WhiteTitle "GM"]
[BlackTitle "GM"]
[WhiteElo "2649"]
[BlackElo "2615"]
[WhiteTeam "Israel"]
[BlackTeam "Hungary"]
[WhiteFideId "2809052"]
[BlackFideId "719978"]
[EventDate "2021.11.12"]

1. d4 Nf6 2. c4 g6 3. Nc3 d5 4. Bf4 Bg7 5. e3 c5 6. dxc5 Qa5 7. Qa4+ Qxa4 8.
Nxa4 Bd7 9. Nc3 Ne4 10. Nxd5 Na6 11. f3 Nexc5 12. O-O-O e6 13. Nc7+ Nxc7 14.
Bxc7 Rc8 15. Bd6 b5 16. b3 Nb7 17. Kb1 Nxd6 18. Rxd6 Ke7 19. Rd1 bxc4 20. Bxc4
Rxc4 21. bxc4 Rb8+ 22. Kc1 Ba4 23. Rd2 Rb4 24. Ne2 Rxc4+ 25. Kb1 Rb4+ 26. Kc1
Rc4+ 27. Kb1 Rb4+ 28. Kc1 Rc4+ 29. Kb1 Rb4+ 30. Kc1 Rc4+ 31. Kb1 1/2-1/2

[Event "23rd European Teams"]
[Site "Terme Catez SLO"]
[Date "2021.11.21"]
[Round "9.8"]
[Board "2"]
[White "Berkes, Ferenc"]
[Black "Mikhalevski, Victor"]
[Result "1-0"]
[WhiteTitle "GM"]
[BlackTitle "GM"]
[WhiteElo "2676"]
[BlackElo "2559"]
[WhiteTeam "Hungary"]
[BlackTeam "Israel"]
[WhiteFideId "718572"]
[BlackFideId "2801914"]
[EventDate "2021.11.12"]

1. d4 Nf6 2. Nf3 g6 3. Bf4 Bg7 4. c3 c5 5. e3 Qb6 6. Qb3 d6 7. Nbd2 Be6 8. Bc4
Bxc4 9. Nxc4 Qa6 10. O-O Nbd7 11. a4 O-O 12. Rfd1 Qc6 13. h3 Qd5 14. Nfd2 Rfc8
15. Re1 Ne4 16. Nxe4 Qxe4 17. Nd2 Qc6 18. d5 Qa6 19. Nc4 Nb6 20. Nxb6 Qxb6 21.
Qc2 c4 22. e4 Re8 23. a5 Qa6 24. Qa4 e6 25. Qb4 Rad8 26. Rad1 e5 27. Be3 f5 28.
exf5 gxf5 29. f4 Rd7 30. Bf2 Bf6 31. Kh1 Rde7 32. fxe5 Bxe5 33. Bd4 Bg3 34. Rxe7
Rxe7 35. Rf1 f4 36. Qa4 b5 37. Qd1 Qc8 38. Qh5 Rf7 39. Qg5+ Kf8 40. Qh6+ Ke7 41.
Qg5+ Kf8 42. Bxa7 Rxa7 43. Qxg3 Rf7 44. Rxf4 Qc5 45. Rxf7+ Kxf7 46. Kh2 b4 47.
a6 b3 48. Qg4 1-0

[Event "23rd European Teams"]
[Site "Terme Catez SLO"]
[Date "2021.11.21"]
[Round "9.8"]
[Board "3"]
[White "Smirin, Ilia"]
[Black "Banusz, Tamas"]
[Result "1-0"]
[WhiteTitle "GM"]
[BlackTitle "GM"]
[WhiteElo "2616"]
[BlackElo "2607"]
[WhiteTeam "Israel"]
[BlackTeam "Hungary"]
[WhiteFideId "2801990"]
[BlackFideId "722413"]
[EventDate "2021.11.12"]

1. e4 e5 2. Nf3 Nc6 3. Bb5 a6 4. Ba4 Nf6 5. O-O Be7 6. Re1 b5 7. Bb3 O-O 8. a4
Bb7 9. d3 d6 10. c3 Na5 11. Bc2 c5 12. Nbd2 Re8 13. Nf1 h6 14. Ng3 Bf8 15. d4
exd4 16. cxd4 b4 17. d5 g6 18. b3 Bg7 19. Rb1 Bc8 20. h3 Nh7 21. Bd2 Ra7 22. Qc1
h5 23. Bf4 Bc3 24. Bd2 Bg7 25. Bd3 Rae7 26. Qc2 Bb7 27. Ng5 Nf8 28. Nf3 Rc7 29.
Bg5 Bf6 30. Bf4 Bc3 31. Red1 Qd7 32. Nd2 Qe7 33. Ne2 Bg7 34. Bh2 Nd7 35. f4 Nb6
36. f5 g5 37. Ng3 Bd4+ 38. Kh1 f6 39. Nxh5 Qf7 40. Bxd6 Rcc8 41. Nf3 Red8 42.
Nxd4 Rxd6 43. Nc6 Bxc6 44. dxc6 Rdxc6 45. Bxa6 R8c7 46. Rd8+ Kh7 47. Qe2 Nxb3
48. Rxb3 Qxb3 49. Nf4 1-0

[Event "23rd European Teams"]
[Site "Terme Catez SLO"]
[Date "2021.11.21"]
[Round "9.8"]
[Board "4"]
[White "Gledura, Benjamin"]
[Black "Postny, Evgeny"]
[Result "1/2-1/2"]
[WhiteTitle "GM"]
[BlackTitle "GM"]
[WhiteElo "2635"]
[BlackElo "2557"]
[WhiteTeam "Hungary"]
[BlackTeam "Israel"]
[WhiteFideId "712779"]
[BlackFideId "2804344"]
[EventDate "2021.11.12"]

1. Nf3 d5 2. d4 Nf6 3. c4 e6 4. e3 b6 5. b3 Bb7 6. Bb2 dxc4 7. Bxc4 Be7 8. O-O
O-O 9. Nc3 c5 10. dxc5 Bxc5 11. Qe2 Nbd7 12. Rfd1 Qb8 13. Ba6 Bxa6 14. Qxa6 Qc8
15. Qa4 Qb7 16. b4 Be7 17. Nd4 Rfc8 18. Qb3 Bf8 19. a4 Ne5 20. b5 a6 21. Nce2
axb5 22. axb5 Nc4 23. Rxa8 Qxa8 24. Ra1 Qd5 25. Rc1 Na5 26. Qd1 Rxc1 27. Qxc1
Qc4 28. Nc3 Nb3 29. Nxb3 Qxb3 30. g3 h6 31. Ba1 Qc4 32. Qf1 Qb3 33. Qb1 Qxb1+
34. Nxb1 Nd5 35. Be5 f6 36. Bb8 Bb4 37. Kf1 1/2-1/2

[Event "23rd European Teams"]
[Site "Terme Catez SLO"]
[Date "2021.11.21"]
[Round "9.1"]
[White "Christiansen, Johan-Sebastian"]
[Black "Navara, David"]
[Result "1/2-1/2"]
[WhiteTitle "GM"]
[BlackTitle "GM"]
[WhiteElo "2582"]
[BlackElo "2699"]
[WhiteTeam "Norway"]
[BlackTeam "Czech Republic"]
[WhiteFideId "1512668"]
[BlackFideId "309095"]
[EventDate "2021.11.12"]

1. e4 c5 2. Nf3 d6 3. d4 cxd4 4. Nxd4 Nf6 5. Nc3 a6 6. Bg5 Nbd7 7. Qe2 Qc7 8.
O-O-O e6 9. g4 h6 10. Bd2 b5 11. a3 Rb8 12. f4 b4 13. axb4 Rxb4 14. Nb3 Nb6 15.
Kb1 e5 16. g5 hxg5 17. fxg5 Nh5 18. Na2 Ra4 19. Nc3 Rb4 20. Na2 Ra4 21. Nc3 Ng3
22. hxg3 Rxh1 23. Nxa4 Nxa4 24. Qf3 Rh2 25. Bd3 g6 26. Rf1 Bh3 27. Ba5 Qa7 28.
Bxa6 Bxf1 29. Qxf1 Nb6 30. Bb5+ Nd7 31. Qc4 Qb7 32. Ba6 Qa8 33. Bb5 Qb7 34. Ba6
Qa8 35. Bb5 Qb7 1/2-1/2

[Event "23rd European Teams"]
[Site "Terme Catez SLO"]
[Date "2021.11.21"]
[Round "9.10"]
[Board "1"]
[White "Deac, Bogdan-Daniel"]
[Black "Saric, Ivan"]
[Result "1-0"]
[WhiteTitle "GM"]
[BlackTitle "GM"]
[WhiteElo "2651"]
[BlackElo "2665"]
[WhiteTeam "Romania"]
[BlackTeam "Croatia"]
[WhiteFideId "1226380"]
[BlackFideId "14508150"]
[EventDate "2021.11.12"]

1. Nf3 d5 2. d4 Nf6 3. c4 c6 4. Nc3 e6 5. Bg5 Nbd7 6. e3 h6 7. Bh4 g5 8. Bg3 Nh5
9. Be5 Nhf6 10. Bd3 g4 11. Bxf6 Qxf6 12. Nd2 h5 13. Qe2 Bh6 14. h3 g3 15. f4 b6
16. O-O Bb7 17. Qxh5 O-O-O 18. Qe2 Kb8 19. Nf3 c5 20. cxd5 exd5 21. Ba6 Ba8 22.
Bb5 cxd4 23. Nxd4 Nc5 24. Rf3 Bb7 25. Rxg3 a6 26. Bd3 Rde8 27. Rf1 b5 28. a3 Ne6
29. Qf2 Bf8 30. Nce2 Bc5 31. Kh2 Bb6 32. b4 Rc8 33. Rd1 Rhe8 34. Rg4 Rc7 35. Qh4
Qxh4 36. Rxh4 Nxd4 37. exd4 Bc8 38. Rh5 f5 39. Rd2 Rce7 40. Kg1 Bd7 41. Kf2 Rf8
42. Rh6 Kb7 43. Bc2 Bc6 44. Bb3 Rfe8 45. Rc2 Re6 46. Rxe6 Rxe6 47. Rd2 a5 48.
Nc3 Rd6 49. g4 axb4 50. axb4 Bc7 51. g5 Rd8 52. Kg3 Bd6 53. Nxd5 Bf8 54. Nf6
Bxb4 55. Rd1 Kb6 56. h4 Ra8 57. h5 Ra3 58. Rb1 Bf8 59. h6 b4 60. Kh4 Bb5 61. Kh5
Bd3 62. Rb2 1-0